15 Città più Grandi d'Europa con una Mappa - Statistics

Statistiche generali
  • Questo quiz è stato fatto 4.756 volte
  • Il punteggio medio è 13 su 13
Risposte nella Mappa
Le risposte nella mappa del quiz sottostante sono codificate secondo una scala di colori dal rosso al verde in base alla % di persone che hanno risposto correttamente.
 
Statistiche sulle risposte
Popolazione Città % Corretto
6.65 m Madrid
100%
3.42 m Roma
100%
14.9 m Londra
99%
6.10 m Milano
99%
4.05 m Napoli
99%
11.5 m Parigi
99%
4.87 m Barcellona
98%
4.85 m Berlino
98%
19.1 m Mosca
98%
3.57 m Atene
97%
3.47 m Kiev
96%
15.9 m Istanbul
89%
6.50 m San Pietroburgo
86%
Nessun quiz corrispondente trovato
Distribuzione punteggi
Percentuale di utenti per punteggio
Percentile per numero di risposta
I tuoi punteggi nel tempo
Non hai fatto questo quiz